Ethnobotany : evolution of a discipline /

محفوظ في:

المؤلف الرئيسي: Schultes, Richard Evans (مؤلف)

مؤلفون آخرون: Von Reis, Siri, 1931-

التنسيق: كتاب

اللغة: English

منشور في: Portland, Or. : Dioscorides Press, c1995.

الموضوعات:

الوسوم: إضافة وسم

لا توجد وسوم, كن أول من يضع وسما على هذه التسجيلة!

رقم الطلب: GN476.73 .E84 1995

LEADER 00763namaa2200241 4500
001 24716
003 OSt
005 20250807072034.0
008 130303s1995 oruab g b 001 0 eng d
010 |a 94015515 
020 |a 0931146283 
040 |c ARCE Library 
050 4 |a GN476.73 .E84 1995 
100 1 |a Schultes, Richard Evans,   |e author  |9 39521 
245 1 0 |a Ethnobotany :   |b evolution of a discipline /   |c edited by Richard Evans Schultes and Siri von Reis. 
264 1 |a Portland, Or. :   |b Dioscorides Press,   |c c1995. 
300 |a 414 pages :   |b illustartions, maps ;   |c 27 cm. 
504 |a Includes bibliographical references and index. 
650 0 |a Ethnobotany. 
700 1 |a Von Reis, Siri,   |d 1931-  
901 |a reviewed 
942 |c BK  |2 lcc 
999 |c 23038  |d 23038